[Event "Szeged TT10 IM"]
[Site "Szeged"]
[Date "1998.10.22"]
[Round "8"]
[White "Tatar Kis, Szabolcs"]
[Black "Rizsonkov, Vladimir"]
[Result "1/2-1/2"]
[WhiteElo "2410"]
[BlackElo "2285"]

1.e4 d6 2.d4 Nf6 3.Nc3 c6 4.f4 Qa5 5.Bd3 Bg4 6.Nf3 d5 7.O-O dxe4 8.Nxe4 Nxe4
9.Bxe4 Nd7 10.h3 Nf6 11.Bd3 Bxf3 12.Qxf3 g6 13.Bc4 e6 14.Qe2 Be7 15.c3 Nd5
16.Bd2 Qc7 17.Rae1 O-O-O 18.b4 Bd6 19.Qf3 Ne7 20.Bd3 Qd7 21.Rb1 Bc7 22.Be3 Nd5
23.Bd2 Nf6 24.Be1 Nd5 25.Bd2 Nf6 26.a4 h5 27.Be2 Qd5 28.Qe3 Qd6 29.c4 h4
30.c5 Qe7 31.b5 Nd5 32.Qd3 Kd7 33.bxc6+ bxc6 34.Rb7 Rb8 35.Rxa7 Ra8 36.Rxa8 Rxa8
37.a5 Qf6 38.a6 Rxa6 39.Qxa6 Qxd4+ 40.Kh1 Qxd2 41.Qd3 Qxd3 42.Bxd3 Bxf4 43.Bc4 g5
44.Ra1 Be3 45.Ra5 Bd4 46.Kh2 Bf2 47.Bb3 Nc7 48.Bc4 Ke7 49.Ra7 Kf6 50.Kh1 Bg3
51.Rb7 Ke7 52.Bb3 Kd7 53.Ba4 Bf2 54.Rb6 Nb5 55.Rb7+ Nc7 56.Rb6 Bxc5 57.Rxc6 Be7
58.Rc3+ Kd6 59.Rc6+ Kd7 60.Rc3+ Kd6  1/2-1/2

[Event "BL9899 (Women)"]
[Site "Germany"]
[Date "1998.10.24"]
[Round "1.4"]
[White "Wagner Michel, Annett"]
[Black "Werner, Isabel"]
[Result "1/2-1/2"]
[WhiteElo "2130"]
[BlackElo "2195"]

1.e4 c6 2.d4 d6 3.Nc3 Nf6 4.Nf3 Bg4 5.Be2 e6 6.O-O Be7 7.Be3 O-O 8.h3 Bh5
9.Nd2 Bxe2 10.Qxe2 d5 11.Rad1 Na6 12.e5 Nd7 13.f4 f5 14.exf6 Bxf6 15.Bf2 Qe7
16.Nf3 Rae8 17.Ne5 Bxe5 18.fxe5 Rf5 19.Be3 Ref8 20.Rxf5 Rxf5 21.a3 Nb6 22.Bc1 Nc4
23.Ne4 Nxb2 24.Bxb2 dxe4 25.Qxe4 Qf7 26.c4 Nc7 27.Bc1 Qd7 28.a4 a6 29.a5 Qf7
30.Be3 Qf8 31.Rb1 Qc8 32.Rb2 Rf7 33.Qg4 Rf8 34.Bh6 Rf7 35.Rf2 Qf8 36.Be3 Rxf2
37.Bxf2 Qe8 38.Qg5 Qf8 39.Bh4 h6 40.Qc1 Qb4 41.Be1 Qb3 42.Qc3 Qxc3 43.Bxc3 Na8
44.Bb4 b5 45.Bd6 Kf7 46.Kf2 Ke8 47.Ke3 g6 48.Kd3 Kd7 49.Kc3 Nc7 50.Bxc7 Kxc7
51.Kb4 g5 52.Kc5 Kd7 53.g3 Kc7 54.g4 Kd7 55.Kb4 Kc7 56.Kc5 Kd7  1/2-1/2

[Event "VAM Hoogeveen op"]
[Site "Hoogeveen"]
[Date "1998.10.24"]
[Round "9"]
[White "Solomon, Stephen J"]
[Black "Hartoch, Robert G"]
[Result "1-0"]
[WhiteElo "2435"]
[BlackElo "2315"]

1.d4 d6 2.e4 Nf6 3.Nc3 e5 4.dxe5 dxe5 5.Qxd8+ Kxd8 6.Bc4 Be6 7.Bxe6 fxe6
8.f3 Nc6 9.Be3 Bd6 10.O-O-O Ke7 11.Nh3 a6 12.Nf2 Rad8 13.Na4 b6 14.c3 Kf7
15.Kc2 Be7 16.b4 Ne8 17.Nb2 Nd6 18.a4 Bf6 19.Nfd3 Ke7 20.Nc1 Nb7 21.Nb3 Rxd1
22.Rxd1 Rd8 23.Ra1 a5 24.b5 Nb8 25.c4 Nd7 26.c5 Ndxc5 27.Bxc5+ bxc5 28.Rd1 Ra8
29.Kc3 g5 30.h3 h5 31.Kc4 Rg8 32.Nxc5 Nd6+ 33.Kc3 g4 34.hxg4 hxg4 35.Nc4 gxf3
36.gxf3 Rg3 37.Rd3 Rg1 38.Nxd6 cxd6 39.Nb3 Bh4 40.Kc4 Kd7 41.Nxa5 Rc1+ 42.Kb3 Bf2
43.Kb2 Rf1 44.Nb3 Kc7 45.a5 Bg1 46.Kc3 Rb1 47.Kc4 Rb2 48.Rd2 Rxd2 49.Nxd2 Bf2
50.Nb1 Be1 51.Nc3 Bf2 52.Na2 d5+ 53.exd5 exd5+ 54.Kxd5 Be1 55.a6 Kb6 56.Kxe5 Bg3+
57.f4  1-0

[Event "BCF-chT 98/99 (4NCL)"]
[Site "GBR"]
[Date "1998.10.25"]
[Round "2"]
[White "Johnstone, Paul Ellis"]
[Black "Wade, Robert Graham"]
[Result "1/2-1/2"]
[WhiteElo "2295"]
[BlackElo "2220"]

1.d4 d6 2.Nc3 Nf6 3.e4 c6 4.Be2 Nbd7 5.Nf3 e5 6.O-O Be7 7.a4 O-O 8.a5 b5
9.axb6 Qxb6 10.b3 Bb7 11.dxe5 dxe5 12.Be3 Qc7 13.Nd2 Bc5 14.Nc4 Bxe3 15.Nxe3 Nc5
16.f3 Ne6 17.Bc4 Rfd8 18.Qc1 Nd4 19.Na4 Bc8 20.c3 Nb5 21.Rf2 Qe7 22.Nb6 Rb8
23.Nxc8 Rbxc8 24.Nf5 Qf8 25.Qe3 Nd6 26.Nxd6 Qxd6 27.Rxa7 Rc7 28.Rxc7 Qxc7
29.Rd2 Rxd2 30.Qxd2 h6 31.b4 Qa7+ 32.Kf1 Qa1+ 33.Kf2 g5 34.Bf1 Kg7 35.c4 Nh5
36.g3 g4 37.Bg2 gxf3 38.Bxf3 Nf6 39.b5 cxb5 40.cxb5 Qb1 41.Qe2 Qb4 42.Kg2 Ne8
43.Bg4 Nd6 44.Bd7 Nxe4 45.Bf5 Nf6 46.Qxe5 Qd2+ 47.Kh3 Qf2 48.g4 Qf3+ 49.Kh4 Qf2+
50.Qg3 Qd4 51.Kh3 Nd5 52.Qf3 Qe5 53.Qe4 Qc3+ 54.Kg2 Qb2+ 55.Kg3 Qxb5 56.Qe5+  1/2-1/2

[Event "Wch U18"]
[Site "Oropesa del Mar"]
[Date "1998.10.25"]
[Round "1"]
[White "Valentin Pascual, Emilio"]
[Black "Mateuta, Gabriel"]
[Result "0-1"]
[WhiteElo "2165"]
[BlackElo "2390"]

1.e4 d6 2.d4 Nf6 3.Nc3 c6 4.Be3 Qa5 5.f3 e5 6.Qd2 Be7 7.Nge2 O-O 8.g4 b5
9.Ng3 exd4 10.Bxd4 b4 11.Nd1 Re8 12.Nf5 Bxf5 13.gxf5 d5 14.Rg1 Nbd7 15.Qh6 Bf8
16.Bxf6 g6 17.Qh4 Nxf6 18.Qxf6 Qc5 19.fxg6 hxg6 20.Qg5 dxe4 21.Qxc5 Bxc5
22.Rg4 exf3+ 23.Kd2 Rad8+ 24.Bd3 Re2+ 25.Kc1 Re1 26.Kd2 Re2+ 27.Kc1 Re1 28.Kd2 f2
29.Nxf2 Rxa1 30.Ne4 Be7 31.Ke2 Kg7 32.Ng3 Kf8 33.Rf4 Bd6 34.Rf6 Re8+ 35.Kf3 Re6
36.Rxe6 fxe6 37.Bxg6 Bxg3 38.hxg3 Rxa2 39.b3 a5  0-1

[Event "BEL-chT9899"]
[Site "Antwerp"]
[Date "1998.10.26"]
[Round "1"]
[White "De Wit, Dick"]
[Black "Bezsilko, Philippe"]
[Result "1/2-1/2"]
[WhiteElo "2244"]
[BlackElo "2280"]

1.e4 d6 2.d4 Nf6 3.Nc3 c6 4.f4 g6 5.Nf3 Bg7 6.Bd3 O-O 7.O-O Nbd7 8.e5 Ne8
9.Ne4 d5 10.Neg5 e6 11.Qe1 h6  1/2-1/2

[Event "Wch U18"]
[Site "Oropesa del Mar"]
[Date "1998.10.29"]
[Round "4"]
[White "Fontaine, Robert"]
[Black "Vidovic, Sasa"]
[Result "1/2-1/2"]
[WhiteElo "2360"]
[BlackElo "2245"]

1.e4 d6 2.d4 Nf6 3.Nc3 c6 4.f4 Qa5 5.Bd3 e5 6.Nf3 Bg4 7.Be3 exd4 8.Bxd4 Qb4
9.Be2 Nxe4 10.O-O d5 11.Nxe4 dxe4 12.c3 Qe7 13.Ne5 Bxe2 14.Qxe2 c5 15.Bf2 Qc7
16.Qxe4 Be7 17.Qa4+ Nc6 18.Nxc6 bxc6 19.Qc4 O-O 20.Bxc5 Bxc5+ 21.Qxc5 Rad8
22.Qf2 h6 23.Rad1 Rfe8 24.h3 c5 25.a4 Rxd1 26.Rxd1 Re4 27.f5 Rd4 28.Qe3 Qf4
29.Qxf4 Rxf4 30.Rd8+ Kh7 31.Rd5 c4 32.g3 Rf3 33.Kg2 Re3 34.Kf2 Re7 35.Rc5 Rb7
36.b3  1/2-1/2

[Event "Panormo zt"]
[Site "Panormo"]
[Date "1998.10.29"]
[Round "6"]
[White "Velimirovic, Dragoljub"]
[Black "Bagaturov, Giorgi"]
[Result "1/2-1/2"]
[WhiteElo "2535"]
[BlackElo "2540"]

1.e4 d6 2.d4 Nf6 3.Nc3 e5 4.Nf3 Nbd7 5.Bc4 Be7 6.O-O O-O 7.Re1 c6 8.a4 b6
9.Ba2 a6 10.Bg5 Bb7 11.Qd2 b5 12.Rad1 Qc7 13.Nh4 Rfe8 14.Nf5 Nf8 15.Bh6 g6
16.Re3 b4 17.Ne2 c5 18.Nxe7+ Rxe7 19.d5 Ng4 20.Rf3 Nxh6 21.Qxh6 Ree8 22.Bc4 Qe7
23.Ng3 f6 24.Nf1 Bc8 25.h3 f5 26.exf5 gxf5 27.Ng3 f4 28.Nh5 Ng6 29.Bd3 Qf7
30.g4 e4 31.Re1 Bxg4 32.hxg4 exd3 33.Rxe8+ Rxe8 34.cxd3 Kh8 35.Nxf4 Ne5 36.Rg3 Rf8
37.Rh3 Rg8 38.f3 Qe7 39.Qe6 Qg5 40.Qh6 Nxf3+ 41.Kf2 Qxh6 42.Rxh6 Ne5 43.Rxd6 Rxg4
44.Ke3 c4 45.Rd8+ Rg8 46.Rxg8+ Kxg8 47.dxc4 Nxc4+ 48.Kd4 Nxb2 49.d6 Kf7 50.a5 b3
51.Kc3 Nc4 52.Kxb3 Nxd6 53.Kc3 Nb7 54.Nd5 h5 55.Kd3 Kg6 56.Ke2 Kf5 57.Kf3 h4
58.Kg2 Nxa5 59.Nb4 Nc4 60.Nxa6 Kg4 61.Nc5 h3+ 62.Kh2 Nd2 63.Nd3 Nf3+ 64.Kh1 Kf5
65.Nf2 h2 66.Ne4  1/2-1/2

[Event "Wch U16 Girls"]
[Site "Oropesa del Mar"]
[Date "1998.11.03"]
[Round "8"]
[White "Gara, Anita"]
[Black "Moser, Eva"]
[Result "1/2-1/2"]
[WhiteElo "2290"]
[BlackElo "2190"]

1.e4 d6 2.d4 Nf6 3.Nc3 e5 4.Nf3 Nbd7 5.Bc4 Be7 6.O-O O-O 7.Re1 c6 8.a4 Qc7
9.Ba2 b6 10.h3 Bb7 11.Nh4 Rfe8 12.Nf5 Bf8 13.dxe5 dxe5 14.Qf3 Re6 15.Bg5 c5
16.Qg3 Kh8 17.Rad1 c4 18.Nb5 Qc6 19.Nbd6 g6 20.Nxf7+ Kg8 21.N7h6+ Kh8 22.Bxf6+ Rxf6
23.Bxc4 Qxc4 24.Rxd7 gxf5 25.b3 f4 26.Qg4 Qe6 27.Qxe6 Rxe6 28.Nf7+ Kg7 29.Rxb7 Kg6
30.h4 h6 31.h5+ Kxh5 32.Rd1 Bc5 33.Rd3 Kg6 34.Nd8 Rf6 35.Rdd7 a5 36.Rg7+ Kh5
37.Nf7 Bd4 38.Rc7 Re8 39.c3 Bc5 40.b4 axb4 41.cxb4 Bxb4 42.g4+ fxg3 43.fxg3 Rg6
44.g4+ Rxg4+ 45.Rxg4 Kxg4 46.Rc6 Bc5+ 47.Kg2 Bd4 48.Rf6 Ra8 49.Rf5 Rxa4 50.Nxh6+ Kh4
51.Nf7 Ra2+ 52.Kf1 Kg3 53.Nxe5 Bxe5 54.Rxe5 Kf3 55.Ke1 Re2+ 56.Kd1 Rxe4 57.Rxe4 Kxe4
58.Kc2 Kd5 59.Kb3  1/2-1/2

[Event "Wch U18 Girls"]
[Site "Oropesa del Mar"]
[Date "1998.11.03"]
[Round "8"]
[White "Rapcsak, Andrea"]
[Black "Gomez Cabrero, Lopez Maria"]
[Result "1-0"]
[WhiteElo "2060"]
[BlackElo "2115"]

1.e4 d6 2.d4 Nf6 3.Nc3 c6 4.Nf3 Bg4 5.Be2 e6 6.h3 Bh5 7.O-O Be7 8.Be3 O-O
9.Qd2 d5 10.e5 Nfd7 11.g4 Bg6 12.Bg5 Bxg5 13.Nxg5 Qe7 14.f4 f5 15.Nd1 c5
16.c3 Nc6 17.Nf2 Rab8 18.Nh1 Kh8 19.Ng3 Rfd8 20.Nf3 b5 21.Bd3 Rf8 22.gxf5 Bxf5
23.Bxf5 exf5 24.Kh1 c4 25.Qc2 g6 26.h4 Kg7 27.Rg1 Kf7 28.e6+  1-0

[Event "Wch U16 Girls"]
[Site "Oropesa del Mar"]
[Date "1998.11.04"]
[Round "9"]
[White "Dembo, Yelena"]
[Black "Moser, Eva"]
[Result "0-1"]
[WhiteElo "2165"]
[BlackElo "2190"]

1.e4 d6 2.d4 Nf6 3.Nc3 e5 4.Nf3 Nbd7 5.Bc4 Be7 6.O-O O-O 7.Re1 c6 8.a4 Qc7
9.Bg5 h6 10.Bh4 exd4 11.Nxd4 Ne5 12.Bb3 a5 13.Bg3 Re8 14.Kh1 Bf8 15.f4 Ng6
16.h3 Bd7 17.Qf3 Rab8 18.Re2 b5 19.axb5 cxb5 20.Nd5 Qd8 21.e5 Nh7 22.Rae1 dxe5
23.fxe5 Ng5 24.Qd3 Ne6 25.Nxe6 Bxe6 26.Qe4 Qg5 27.Kh2 a4 28.Ba2 b4 29.Bc4 Rec8
30.Ne3 Qe7 31.Bd5 a3 32.Nf5 Qd7 33.Bxe6 Qxe6 34.Nd4 Qe8 35.e6 Rb6 36.h4 axb2
37.h5 Ne7 38.Qg4 f6 39.Bf2 Rc5 40.Nf5 Rxf5 41.Bxb6 Qb8+ 42.Kh1 Qxb6 43.Qh3 Qb5
44.Qd3 Rxh5+ 45.Kg1 Qc5+ 46.Rf2 Qc7 47.g3 Qc3 48.Rb1 Rd5 49.Qf3 Rf5 50.Qd3 Re5
51.Kg2 Re3 52.Qd2 Rxg3+ 53.Kf1 Qc4+ 54.Qe2 Qh4 55.Rh2 Qf4+ 56.Rf2 Qg5  0-1

[Event "GER-ch"]
[Site "Bremen"]
[Date "1998.11.07"]
[Round "2"]
[White "Lutz, Klaus Juergen"]
[Black "Schmaltz, Roland"]
[Result "0-1"]
[WhiteElo "2290"]
[BlackElo "2520"]

1.e4 d6 2.d4 Nf6 3.Nc3 Nbd7 4.Be3 e5 5.a3 c6 6.Nf3 Be7 7.Bd3 O-O 8.O-O a6
9.a4 b6 10.Ne2 Re8 11.c3 d5 12.Ng3 exd4 13.Bxd4 Nc5 14.Bxc5 Bxc5 15.e5 Nd7
16.Re1 g6 17.Re2 Nf8 18.Qd2 Ne6 19.Rd1 f5 20.Bb1 b5 21.Qc2 Bd7 22.Ree1 Re7
23.b3 Qf8 24.Qc1 Rae8 25.axb5 axb5 26.c4 dxc4 27.bxc4 b4 28.h4 Ra8 29.Ng5 Ng7
30.Qb2 Ra3 31.N3e4 fxe4 32.Nxe4 Ba7 33.Nf6+ Kh8 34.Nxd7 Qf4 35.Nf6 Ne6 36.Re4 Qg3
37.Qxb4 Qxf2+ 38.Kh2 Rg3  0-1

[Event "Villa Martelli op"]
[Site "Villa Martelli"]
[Date "1998.11.07"]
[Round "3"]
[White "Seminara, Juan Pablo"]
[Black "Hoffman, Alejandro"]
[Result "1/2-1/2"]
[WhiteElo "2355"]
[BlackElo "2525"]

1.e4 d6 2.d4 Nf6 3.Nc3 e5 4.Nf3 Nbd7 5.Bc4 Be7 6.O-O O-O 7.Re1 c6 8.a4 b6
9.Bg5 Bb7 10.Bxf6 Bxf6 11.d5 c5 12.a5 a6 13.axb6 Nxb6 14.Qd3 Nxc4 15.Qxc4 Rb8
16.Qd3 Qd7 17.Nd2 g6 18.Nc4 Bd8 19.b3 Bc8 20.Rad1 Bc7 21.f4 f6 22.Rf1 exf4
23.Rxf4 Qe7 24.Rdf1 Bd7 25.Ne3 Qe5 26.Nc4 Qe7 27.Ne3 Ra8 28.Ncd1 Bb5 29.Nc4 Rae8
30.Nde3 Bd7 31.Qc3 Bd8 32.Nd2 Bc8 33.b4 cxb4 34.Qxc8 Bb6 35.Qh3 Rc8 36.Kh1 Rc3
37.Ndc4 Bd4 38.R4f3 Re8 39.Re1  1/2-1/2

[Event "SLO-chT"]
[Site "Bled"]
[Date "1998.11.08"]
[Round "2"]
[White "Crepan, Marjan"]
[Black "Barle, Janez"]
[Result "1/2-1/2"]
[WhiteElo "2295"]
[BlackElo "2395"]

1.e4 d6 2.d4 Nf6 3.Nc3 e5 4.dxe5 dxe5 5.Qxd8+ Kxd8 6.Bg5 Be6 7.O-O-O+ Kc8
8.f3 Nfd7 9.Be3 c6 10.g4 b5 11.Nh3 f6 12.Kb1 Nb6 13.Nf2 N8d7 14.f4 Kc7 15.g5 Bb4
16.Ne2 Nc4 17.Bc1 Bc5 18.Nd3 Bb6 19.h4 Bg4 20.Rh2 Nd6 21.Bh3 Bxh3 22.Rxh3 Nxe4
23.fxe5 fxe5 24.Be3 Raf8 25.Bxb6+ axb6 26.Re3 Nf2 27.Nxf2 Rxf2 28.Ng3 Rhf8
29.Ra3 Nc5 30.Ra7+ Nb7 31.a4 R8f3 32.Nh5 Rf1 33.Kc1 bxa4 34.Rxa4 Rxd1+ 35.Kxd1 Rf7
36.Ra8 Rd7+ 37.Ke2 Rd4 38.Rg8 g6 39.Rg7+ Kb8 40.Nf6 Rxh4 41.Nxh7 Rh2+ 42.Kd1 Rh5
43.b4 Nd8 44.Nf6 Rxg5 45.Nd7+ Kb7 46.b5 cxb5 47.Nxe5+ Kc8 48.Nxg6 Ne6 49.Rg8+ Kb7
50.Kc1 Nd4 51.Ne7 Rc5 52.Rg2 b4 53.Kb2 Ka6 54.Rd2 Rc4 55.Nd5 Nc6 56.Rf2 Rc5
57.Nf6 Nd4 58.Ne4 Rb5 59.Rf4 Nc6 60.Rf6 Kb7  1/2-1/2

[Event "Chigorin mem"]
[Site "St. Petersburg"]
[Date "1998.11.08"]
[Round "8"]
[White "Potkin, Alexey V"]
[Black "Pogosjan, V."]
[Result "1-0"]
[WhiteElo "2325"]
[BlackElo "2325"]

1.e4 d6 2.d4 Nf6 3.Nc3 c6 4.Nf3 Nbd7 5.a4 e5 6.Bc4 Be7 7.O-O O-O 8.Re1 Qc7
9.b3 exd4 10.Nxd4 d5 11.exd5 Bb4 12.Bd2 Nb6 13.Ncb5 cxb5 14.Nxb5 Qc5 15.c3 Ng4
16.Rf1 Ba5 17.Be2 Qxd5 18.b4 Nc4 19.Bxc4 Qe5 20.g3 Bb6 21.a5 Bd8 22.h3 Nf6
23.Re1 Qf5 24.Bf1 Ne4 25.Bf4 Bf6 26.Bd3 Re8 27.Rxe4 Rxe4 28.Nd6 Qxh3 29.Nxe4 Bg4
30.Be2 Bf5 31.Nxf6+ gxf6 32.Bf1  1-0

[Event "Villa Martelli op"]
[Site "Villa Martelli"]
[Date "1998.11.08"]
[Round "4"]
[White "Llanos, Guillermo"]
[Black "Rodriguez, Andres URU"]
[Result "1/2-1/2"]
[WhiteElo "2425"]
[BlackElo "2490"]

1.d4 d6 2.e4 Nf6 3.Nc3 c6 4.g3 e5 5.dxe5 dxe5 6.Qxd8+ Kxd8 7.Bg5 Bb4 8.Bxf6+ gxf6
9.Bh3 Be6 10.Bxe6 Bxc3+ 11.bxc3 fxe6 12.Nf3 Nd7 13.Nd2 Nc5 14.Rf1 Na4 15.f4 exf4
16.Rxf4 Rf8 17.c4 Ke7 18.Rb1 b6 19.Rb3 Nc5 20.Rbf3 Rad8  1/2-1/2

[Event "SVK-chT2A 9899"]
[Site "SVK"]
[Date "1998.11.14"]
[Round "3"]
[White "Samko, Karol"]
[Black "Hagara, Vladimir"]
[Result "1/2-1/2"]
[WhiteElo "1955"]
[BlackElo "1981"]

1.e4 d6 2.d4 Nf6 3.Nc3 c6 4.g3 Bg4 5.Qd3 e5 6.dxe5 dxe5 7.Qxd8+ Kxd8 8.f3 Be6
9.Bg5 Bb4 10.Ne2 Nd7 11.O-O-O Ke7 12.a3 Ba5 13.Be3 Bb6 14.Bxb6 Nxb6 15.b3 Rhd8
16.Bg2 Nfd7 17.Rd2 a5 18.a4 Nc5 19.Rxd8 Rxd8 20.Rd1 Rd6 21.Rxd6 Kxd6 22.Kb2 f6
23.Nc1 g5 24.g4 Bf7 25.N3e2 Ne6 26.Ng3 Nf4 27.Nf5+ Ke6 28.Bf1 Kd7 29.Nd3 Nxd3+
30.Bxd3 Nc8 31.Ne3 Nd6 32.c3 Ke7 33.c4 b6 34.Kc3 Be6 35.Be2 Nb7 36.Nf1 Bf7
37.Ne3 Nc5 38.Bd1 Ne6 39.Nf5+ Kd7 40.Ne3 Nd4 41.Kb2 Kd6 42.Nf5+ Nxf5 43.exf5 Kc5
44.Kc3 b5 45.axb5 cxb5 46.cxb5 Kxb5 47.Be2+ Kc5 48.Bd3 h5 49.h3 h4 50.Be4 Be8
51.Bd3 Bc6 52.Be4 Bb5 53.Bd3 Bc6 54.Be4 Bxe4 55.fxe4 Kb5 56.Kc2 Kb4 57.Kb2  1/2-1/2

[Event "Cologne op 47th"]
[Site "Cologne"]
[Date "1998.11.15"]
[Round "3"]
[White "Rotshtein, Efim"]
[Black "Hogenacker, Jacques"]
[Result "0-1"]
[WhiteElo "2355"]
[BlackElo "2305"]

1.d4 d6 2.e4 Nf6 3.Nc3 Nbd7 4.g4 h6 5.Be3 e5 6.h3 c6 7.a4 Qa5 8.Bg2 d5 9.exd5 Nxd5
10.Bxd5 cxd5 11.dxe5 Bb4 12.Bd4 Nc5 13.Ne2 h5 14.gxh5 Rxh5 15.Nf4 Rh4 16.Qf3 Ne6
17.Nxe6 Bxe6 18.O-O-O Rc8 19.Rd3 Rc4 20.Ne2 Bc5 21.Bxc5 Qxc5 22.Rc3 Rxc3
23.Nxc3 d4 24.Nb5 d3 25.Qxd3 Rxa4 26.Nd6+ Ke7 27.Nxb7 Ra1+ 28.Kd2 Qb4+ 29.Ke3 Qb6+
30.Qd4 Rxh1 31.Nc5 Rxh3+ 32.f3 g5 33.Kf2 Rh4 34.Qe3 Rf4 35.Kg2 Bd5 36.Qa3 Ke8
37.Kh2 Qh6+ 38.Kg1 Rxf3 39.Qa4+ Bc6 40.Qg4 Qh3  0-1

[Event "Wch Seniors (Women)"]
[Site "Grieskirchen"]
[Date "1998.11.15"]
[Round "7"]
[White "Zatulovskaya, Tatiana"]
[Black "Erenska Radzewska, Hanna"]
[Result "1/2-1/2"]
[WhiteElo "2170"]
[BlackElo "2225"]

1.d4 d6 2.e4 Nf6 3.Nc3 Nbd7 4.Nf3 e5 5.Bc4 Nb6 6.Be2 Qe7 7.O-O c6 8.Re1 h6
9.a4 a6 10.a5 Nbd7 11.Bf1 g5 12.dxe5 dxe5 13.Na4 Bg7 14.c3 O-O 15.b4 Qe6
16.Nd2 Rd8 17.Nc4 Qe7 18.Qc2 Ne8 19.Be3 Nc7 20.Rad1 Nb5 21.Rd2 Rb8 22.Red1 Re8
23.Nd6 Nf8 24.Bb6 Be6 25.Nc5 Qf6 26.Nxe6 Rxe6  1/2-1/2

[Event "Wch Seniors"]
[Site "Grieskirchen"]
[Date "1998.11.18"]
[Round "9"]
[White "Lieb, Harald"]
[Black "Braun, Gottfried"]
[Result "1/2-1/2"]
[WhiteElo "2230"]
[BlackElo "2325"]

1.d4 d6 2.e4 Nf6 3.Nc3 e5 4.Nf3 exd4 5.Nxd4 Be7 6.Be2 O-O 7.O-O a6 8.a4 c5
9.Nf3 Nc6 10.h3 Nb4 11.Re1 d5 12.exd5 Bf5 13.Bd3 Bxd3 14.cxd3 Nfxd5 15.d4 Bf6
16.Nxd5 Qxd5 17.dxc5 Qxc5 18.Be3 Qf5 19.Re2 Rfd8 20.Qb3 Qd3 21.Qxd3 Nxd3
22.Rb1 Rac8 23.Rd2 Nb4 24.Rbd1 Rxd2 25.Rxd2 Nc2 26.Bb6 Bxb2  1/2-1/2

[Event "Wch U20"]
[Site "Calicut"]
[Date "1998.11.19"]
[Round "3"]
[White "Socko, Bartosz"]
[Black "Houska, Miroslav"]
[Result "0-1"]
[WhiteElo "2475"]
[BlackElo "2375"]

1.e4 d6 2.d4 Nf6 3.Nc3 e5 4.Nge2 Nbd7 5.f3 c6 6.Be3 Be7 7.g4 O-O 8.Qd2 b5
9.Ng3 b4 10.Nce2 d5 11.g5 Ne8 12.exd5 cxd5 13.Nf5 Nd6 14.Nxd6 Bxd6 15.O-O-O Bb7
16.Ng3 Qa5 17.Kb1 g6 18.f4 e4 19.h4 Nb6 20.b3 Rac8 21.h5 Rc7 22.Qh2 Bc8 23.Rd2 Qa3
24.Re2 Bg4 25.Bc1 Qa5 26.Rf2 Re8 27.Bh3 Bxh3 28.Qxh3 e3 29.Re1 Na4 30.bxa4 b3
31.c3 Qxc3 32.Qf1 Rb7 33.Bb2 bxa2+ 34.Ka1 Rxb2 35.Rxb2 Ba3 36.Re2 Rb8 37.Qg2 Qxd4
38.a5 Rb4 39.Rc2 Bxb2+ 40.Kxa2 Ra4+  0-1

[Event "Wch Seniors"]
[Site "Grieskirchen"]
[Date "1998.11.20"]
[Round "11"]
[White "Pantaleev, Dimitar"]
[Black "Braun, Gottfried"]
[Result "1/2-1/2"]
[WhiteElo "2165"]
[BlackElo "2325"]

1.d4 d6 2.e4 Nf6 3.Nc3 e5 4.dxe5 dxe5 5.Qxd8+ Kxd8 6.Bc4 Be6 7.Bxe6 fxe6
8.f3 Nbd7 9.Be3 Bb4 10.Ne2 Ke7 11.a3 Ba5 12.O-O-O Bb6 13.Bxb6 Nxb6 14.Rd3 Nfd7
15.b3 Nc5 16.Rdd1 Rhd8 17.Rxd8 Rxd8 18.Rd1 Rf8 19.a4 a5 20.Rd2 Na6 21.Na2  1/2-1/2

[Event "Max Wilkerson"]
[Site "San Francisco"]
[Date "1998.11.20"]
[Round "3"]
[White "Bhat, Vinay S"]
[Black "Lobo, Richard"]
[Result "1/2-1/2"]
[WhiteElo "2235"]
[BlackElo "2285"]

1.e4 d6 2.d4 Nf6 3.Nc3 c6 4.g3 Nbd7 5.Bg2 e5 6.Nge2 Be7 7.a4 a5 8.O-O O-O
9.h3 Re8 10.Re1 Bf8 11.b3 exd4 12.Nxd4 Nc5 13.Bf4 Nfd7 14.Qd2 Ne5 15.Rad1 Qc7
16.g4 Bd7 17.Be3 f6 18.f4 Nf7 19.Qf2 Rad8 20.Nf5 b6 21.Bd4 Bc8 22.h4 h5 23.g5 g6
24.Ne3 fxg5 25.hxg5 Bg7 26.Bxg7 Kxg7 27.Nc4 Bg4 28.Qd4+ Kh7 29.Rb1 Be6 30.Ne3 Nh8
31.f5 Bf7 32.fxg6+ Nxg6 33.Nf5 Ne5 34.Rbd1 Ne6 35.Qd2 Rg8 36.Kh1 Rxg5 37.Qf2  1/2-1/2

[Event "Wch U20"]
[Site "Calicut"]
[Date "1998.11.21"]
[Round "5"]
[White "Halkias, Stelios"]
[Black "Houska, Miroslav"]
[Result "1-0"]
[WhiteElo "2435"]
[BlackElo "2375"]

1.d4 d6 2.e4 Nf6 3.Nc3 e5 4.dxe5 dxe5 5.Qxd8+ Kxd8 6.Bc4 Be6 7.Bxe6 fxe6
8.f3 Nc6 9.Be3 Bd6 10.Nge2 Ke7 11.O-O-O h6 12.h4 a6 13.Na4 Nd7 14.b3 b5 15.Nb2 Nd8
16.Rd2 Nb7 17.Rhd1 Rhd8 18.Nd3 c5 19.Nb2 Nb8 20.g4 Nc6 21.g5 h5 22.g6 Rf8
23.Bg5+ Kd7 24.f4 Kc7 25.fxe5 Bxe5 26.Rd7+ Kb6 27.Nd3 Bf6 28.Bxf6 gxf6 29.g7 Rg8
30.Ndf4 Rae8 31.Nxh5 Ne5 32.Nxf6 Nxd7 33.Rxd7 Kc6 34.Nxe8 Rxe8 35.Rf7  1-0

[Event "BEL-chT9899"]
[Site "Antwerp"]
[Date "1998.11.22"]
[Round "3"]
[White "Tabak, Stephan"]
[Black "Van Houtte, Thierry"]
[Result "1/2-1/2"]
[WhiteElo "2100"]
[BlackElo "2220"]

1.e4 d6 2.d4 Nf6 3.Nc3 e5 4.d5 Be7 5.h3 c6 6.dxc6 bxc6 7.Nf3 O-O 8.Be2 h6
9.O-O Be6 10.Re1 Nbd7 11.Bf1 Qc7 12.Qe2 a5 13.Rb1 Rfe8  1/2-1/2

[Event "Wch U20 Girls"]
[Site "Calicut"]
[Date "1998.11.22"]
[Round "6"]
[White "Werner, Isabel"]
[Black "Ratcu, Tatiana"]
[Result "0-1"]
[WhiteElo "2195"]
[BlackElo "2195"]

1.e4 d6 2.d4 Nf6 3.Nc3 c6 4.Be3 Qa5 5.Qd2 Nbd7 6.h3 e5 7.f4 Be7 8.g4 b5 9.Bd3 Bb7
10.Nf3 b4 11.Nd1 c5 12.d5 c4 13.fxe5 Nxe5 14.Nxe5 dxe5 15.Bxc4 Nxe4 16.Qd3 Nd6
17.Bb3 O-O 18.c4 bxc3 19.Qxc3 Qb5 20.Qxe5 Bh4+ 21.Kd2 Qb4+ 22.Nc3 Bf6 23.Qf4 Ne4+
24.Ke2 Rfe8 25.Kf3 Bg5 26.Qf5 Bc8 27.Qxe4 Rxe4 28.Nxe4 Bxe3 29.Kxe3 Bd7 30.Rhe1 a5
31.Rac1 a4 32.Bc4 Qxb2 33.Kf4 Qh2+ 34.Ke3 Qxh3+ 35.Kd4 Kf8 36.Bd3 Qxg4 37.Rc7 Re8
38.Rec1 Bf5 39.Re1 Bxe4 40.Rxe4 Rxe4+ 41.Bxe4 f5  0-1

[Event "BL2-O9899"]
[Site "Germany"]
[Date "1998.11.22"]
[Round "2.3"]
[White "Wernert, Wilfrid"]
[Black "Orsag, Milan"]
[Result "0-1"]
[WhiteElo "2300"]
[BlackElo "2405"]

1.e4 d6 2.d4 Nf6 3.Nc3 e5 4.Nge2 Nbd7 5.f3 Be7 6.Be3 c6 7.Qd2 b5 8.Ng3 O-O
9.Nf5 b4 10.Na4 exd4 11.Qxd4 c5 12.Qd2 Ne5 13.a3 Bxf5 14.exf5 a5 15.Be2 Qc7
16.axb4 axb4 17.b3 d5 18.O-O Bd6 19.Kh1 Ned7 20.Bb5 d4 21.Bg1 Bf4 22.Qd1 Rfe8
23.Nb2 Rxa1 24.Qxa1 Bd2 25.Qd1 Bc3 26.Na4 h5 27.Nxc3 bxc3 28.Re1 Rxe1 29.Qxe1 Qf4
30.Bd3 Ne5 31.Qe2 Nxd3 32.Qxd3 Qd2 33.Qc4 Qxc2 34.Qxc5 d3 35.Qc8+ Kh7 36.Qc7 Qxb3  0-1

[Event "Tanta op"]
[Site "Tanta"]
[Date "1998.11.23"]
[Round "7"]
[White "Sarwat, Walaa"]
[Black "Ahmed, Ehab"]
[Result "1-0"]
[WhiteElo "2315"]
[BlackElo "2260"]

1.e4 d6 2.d4 Nf6 3.Nc3 c6 4.a4 g6 5.Nf3 Bg7 6.Be2 O-O 7.O-O Bg4 8.Be3 Nbd7
9.Qd2 Qc7 10.Rfd1 Rad8 11.a5 Rfe8 12.h3 Bxf3 13.Bxf3 a6 14.g4 Nf8 15.g5 N6d7
16.h4 e5 17.d5 c5 18.Bg4 Re7 19.Na4 Rde8 20.b4 c4 21.f3 f6 22.Ra3 Rf7 23.Rc3 f5
24.Bh3 Rc8 25.Nb6 Nxb6 26.axb6 Qd8 27.b5 axb5 28.Rb1 Qe8 29.Ra3 Ra8 30.Ra7 h6
31.gxh6 Bf6 32.exf5 Bxh4 33.Qg2 Kh7 34.Kh1 Rxa7 35.bxa7 b6 36.Ra1 Qa8 37.fxg6+ Nxg6
38.Rg1 Rf6 39.Bf5 Qxa7 40.Bxg6+ Kh8 41.Bf5 Qf7 42.Qg7+  1-0

[Event "Wch U20"]
[Site "Calicut"]
[Date "1998.11.24"]
[Round "7"]
[White "Satyapragyan, S."]
[Black "Houska, Miroslav"]
[Result "1-0"]
[WhiteElo "2210"]
[BlackElo "2375"]

1.e4 d6 2.d4 Nf6 3.Nc3 Nbd7 4.Nf3 e5 5.Bc4 Be7 6.dxe5 dxe5 7.O-O O-O 8.Qe2 c6
9.a4 Qc7 10.h3 Nc5 11.Bg5 Ne6 12.Be3 b6 13.Rad1 a6 14.Ng5 Nd4 15.Bxd4 exd4
16.e5 Ne8 17.Nxf7 Rxf7 18.Rxd4 Bg5 19.Ne4 Bh6 20.Nd6 Nxd6 21.exd6 Qd8 22.Qh5 Qf6
23.d7 Bxd7 24.Rxd7 Rf8 25.Bxf7+ Rxf7 26.Qxf7+ Qxf7 27.Rxf7 Kxf7 28.Re1 g6
29.f4 Bg7 30.c3 a5 31.Kf2 b5 32.Ke3 Ke6 33.Kd3+ Kd6 34.b3 Bf6 35.g4 Bh4 36.Re2 Bg3
37.f5 Be5 38.axb5 cxb5 39.Ra2  1-0

[Event "Tanta op"]
[Site "Tanta"]
[Date "1998.11.24"]
[Round "8"]
[White "Sarwat, Walaa"]
[Black "Ahmed, Esam Aly"]
[Result "0-1"]
[WhiteElo "2315"]
[BlackElo "2335"]

1.e4 d6 2.d4 Nf6 3.Nc3 c6 4.a4 Qa5 5.Bd2 e5 6.Nf3 Bg4 7.d5 Qc7 8.Bg5 Nbd7
9.Bc4 Be7 10.h3 Bh5 11.Qe2 h6 12.Be3 Bg6 13.Nd2 h5 14.O-O h4 15.dxc6 bxc6
16.a5 Nf8 17.Rfd1 Ne6 18.Bxe6 fxe6 19.f4 exf4 20.Bxf4 e5 21.Bg5 Bh5 22.Nf3 O-O
23.Bxh4 Bxf3 24.Qxf3 Nh7 25.Qh5 Bxh4 26.Qxh4 Rf4 27.Qh5 Raf8 28.Qg6 R4f6
29.Qg4 Qf7 30.Rd3 Rf4 31.Qg3 Qe7 32.Rad1 R8f6 33.Qe3 Ng5 34.Qe2 Qf8 35.Rg3 Ne6
36.Qc4 Kh7 37.Qxc6 Rf1+ 38.Rxf1 Rxf1+ 39.Kh2 Qf2 40.Rg4 Qg1+ 41.Kg3 Rf3+
42.Kh4 g5+ 43.Rxg5 Nxg5  0-1